Un caso de novela /

Guardado en:
Autor Principal: Potes, Marisa.
Otros Autores: Tambuscio, Pablo; il.
Formato: Libro
Idioma:Undetermined
Publicado: Buenos Aires : SM, 2017.
Edición:2a reimp.
Series:El barco de vapor. Roja ; 39
Materias:
Etiquetas: Agregar Etiqueta
Sin Etiquetas, Sea el primero en etiquetar este registro!
LEADER 00706nam a22002295a 4500
001 CEM.cems019865
008 221116s2017####ag############000#0#und#d
005 20230307205156.0
245 1 0 |a Un caso de novela /  |c Marisa Potes ; ilustrado por Pablo Tambuscio. 
250 |a 2a reimp. 
260 |a Buenos Aires :  |b SM,  |c 2017. 
300 |a 136 p. ;  |c 19 cm. 
490 1 |a El barco de vapor. Roja ; 39 
020 |a 9789877311372 
100 1 |a Potes, Marisa. 
700 1 |a Tambuscio, Pablo; il. 
653 |a Literatura 
653 |a Literatura Argentina 
653 |a Literatura Juvenil 
653 |a Literatura Infantil 
653 |a Novelas 
859 |a CEMS  |b BIB. CEMS - Inicial y Primaria  |h A863.4  |i P847  |k IP  |p 6261  |t Ej.1